000 00765cam a2200205 4500
001 WB3747-21
008 011211n2001 000 0 eng u
035 _a(Sirsi) u115952
245 _aProfessional indemnity insurance
260 _c2001
490 _aEstates Gazette
_v(0149) 8 December 2001, 24(1)
520 _aProfessional Indemnity Insurance (PII) pays for the costs of defending claims that a surveying firm has provided negligent advice. Warns that, in the wake of 11 September 2001 terrorist attacks, companies can expect a huge rise in their PII.
590 _aWB
650 _aPROFESSIONAL INDEMNITY INSURANCE
650 _aINSURANCE PREMIUMS
650 _aINCREASES
650 _aSURVEYING FIRMS
690 _aInsurance
_96249
942 _n0
999 _c69075
_d69075